| 000 | 02740cam a22006857i 4500 | ||
|---|---|---|---|
| 001 | 18185500 | ||
| 005 | 20241114155647.0 | ||
| 008 | 140612t20142014nyua b 001 0 eng | ||
| 010 | _a 2014942969 | ||
| 015 |
_aGBB468753 _2bnb |
||
| 016 | 7 |
_a101644017 _2DNLM |
|
| 016 | 7 |
_a016775163 _2Uk |
|
| 020 |
_a9781493911141 _q(hbk. : alk. paper) |
||
| 020 |
_a1493911147 _q(hbk. : alk. paper) |
||
| 020 |
_z9781493911158 _q(eBook) |
||
| 035 | _a(OCoLC)ocn883464099 | ||
| 040 |
_aNLM _beng _cNLM _erda _dUKMGB _dFTU _dZWZ _dIDL _dNUI _dOCLCO _dYDXCP _dOCLCF _dVGM _dOHX _dBTCTA _dDLC |
||
| 042 |
_anlmcopyc _alccopycat |
||
| 050 | 0 | 0 |
_aQR182.2.I46 _bI462 2014 |
| 050 | 1 | 4 |
_aQH506 _b.M45 v.1184 |
| 060 | 0 | 0 |
_aW1 _bME9616J v.1184 2014 |
| 060 | 1 | 0 | _aQW 25 |
| 072 | 7 |
_aQR _2lcco |
|
| 072 | 7 |
_aQA _2lcco |
|
| 082 | 0 | 4 |
_a616.0790285 _223 |
| 245 | 0 | 0 |
_aImmunoinformatics / _cedited by Namrata Tomar. |
| 250 | _aSecond edition. | ||
| 264 | 1 |
_aNew York : _bHumana Press, _c[2014] |
|
| 264 | 4 | _c©2014 | |
| 300 |
_axix, 409 pages : _billustrations (some color) ; _c26 cm. |
||
| 336 |
_atext _btxt _2rdacontent |
||
| 337 |
_aunmediated _bn _2rdamedia |
||
| 338 |
_avolume _bnc _2rdacarrier |
||
| 490 | 1 |
_aMethods in molecular biology, _x1064-3745 ; _v1184 |
|
| 490 | 1 | _aSpringer protocols | |
| 504 | _aIncludes bibliographical references and index. | ||
| 505 | 0 | 0 |
_g1. _g3. _g8. _g18. _t _g28. _g30. _tMathematical models of HIV replication and pathogenesis / _rDominik Wodarz. |
| 650 | 0 |
_aImmunoinformatics. _9956 |
|
| 650 | 1 | 2 |
_aAllergy and Immunology _vLaboratory Manuals. _9126934 |
| 650 | 1 | 2 |
_aInformatics _vLaboratory Manuals. _9126935 |
| 650 | 2 | 2 |
_aComputational Biology _vLaboratory Manuals. _9126936 |
| 650 | 2 | 2 |
_aImmune System _vLaboratory Manuals. _9126937 |
| 650 | 2 | 2 |
_aSystems Biology _vLaboratory Manuals. _9126938 |
| 650 | 7 |
_aImmunoinformatics. _2fast _0(OCoLC)fst00967976 _9956 |
|
| 650 | 7 |
_aCellules souches. _2fmesh _9126939 |
|
| 650 | 7 |
_aTissus. _2fmesh _9126940 |
|
| 650 | 7 |
_aRégénération. _2fmesh _9126941 |
|
| 650 | 7 |
_aCellules souches. _2ram _9126939 |
|
| 700 | 1 |
_aTomar, Namrata, _eeditor. _9126942 |
|
| 700 | 1 |
_aCatalouge by Rani Shaista Kanwal _9126486 |
|
| 830 | 0 |
_aMethods in molecular biology ; _vv. 1184. _9126943 |
|
| 830 | 0 |
_aSpringer protocols (Series) _9126944 |
|
| 830 | 0 |
_aMethods in molecular biology (Clifton, N.J.) ; _vv. 1184. _x1064-3745 _934686 |
|
| 830 | 0 |
_aSpringer protocols (Series) _x1949-2448 _9126944 |
|
| 856 | 4 | 2 |
_3Table of contents _uhttp://www.loc.gov/catdir/enhancements/fy1411/2014942969-t.html |
| 906 |
_a7 _bcbc _ccopycat _d2 _eepcn _f20 _gy-gencatlg |
||
| 942 |
_2ddc _cBK |
||
| 999 |
_c612313 _d612313 |
||